000 00579nam a22001937a 4500
003 OSt
005 20140310182829.0
008 130601t xxu||||| |||| 00| 0 eng d
050 _aBP 109
_b.H761
082 _aM 297.122521
_bH74 19
245 _aThe holy qur-an
_bEnglish translation of the meanings and commentary
260 _aAl-Madinah Al-Munawarah, Saudi Arabia :
_bKing Fahd Holy Qur-an Printing Complex,
300 _azl, 2082 p. :
_bcol. ;
_c24 cm.
521 _aCollege Students
526 _c1210L-1700L
541 _j1
562 _e1
942 _2lcc
_cBK
_kM
999 _c16589
_d16589